[Event "Tenerife-chT Preferente"]
[Site "Tenerife"]
[Date "2025.01.25"]
[Round "6.3"]
[White "Mendoza Contreras, Lucas Eduardo"]
[Black "Kraus, Oliver"]
[Result "1/2-1/2"]
[WhiteElo "1993"]
[BlackElo "1943"]
[PlyCount "90"]
[EventDate "2024.11.09"]
[EventType "team-tourn"]
[EventRounds "14"]
[EventCountry "ESP"]
[SourceTitle "CB14_2025"]
[SourceDate "2024.11.01"]
[SourceVersion "1"]
[SourceVersionDate "2024.11.01"]
[SourceQuality "1"]
[WhiteTeam "Canarias 64"]
[BlackTeam "Rey Ahogado"]
[WhiteTeamCountry "ESP"]
[BlackTeamCountry "ESP"]

1. d4 d5 2. Nf3 Nf6 3. e3 c5 4. b3 Nc6 5. Bb2 e6 6. Nbd2 Bd6 7. Bd3 0-0 8. Ne5 Qc7 9. f4 cxd4 10. exd4 Nb4 11. 0-0 Nxd3 12. cxd3 Nd7 13. Ndf3 f6 14. Nxd7 Bxd7 15. g3 Rac8 16. Rf2 Qb6 17. Rc1 Rxc1 18. Bxc1 Rc8 19. Rc2 Rxc2 20. Qxc2 e5 21. fxe5 fxe5 22. Be3 Bg4 23. Qf2 e4 24. dxe4 dxe4 25. Ng5 Qc6 26. Qf7+ Kh8 27. d5 Qc8 28. Nxe4 Bb4 29. d6 h6 30. Qc7 Qe6 31. Bd4 Qd7 32. Qxd7 Bxd7 33. Bxa7 Kg8 34. Bc5 Ba5 35. Kf2 Kf7 36. Bd4 Bc6 37. Ke3 g5 38. Bc5 Bd8 39. Kd4 Ke6 40. Nc3 b6 41. Ba3 Bb7 42. Ne4 Kf5 43. Nf2 Bf6+ 44. Kc4 Ba6+ 45. Kd5 Bb7+ 1/2-1/2

[Event "Santa Cruz de Tenerife Verano op 10th"]
[Site "Santa Cruz de Tenerife"]
[Date "2024.09.23"]
[Round "7"]
[White "Oramas Medina, Miguel"]
[Black "Kraus, Oliver"]
[Result "0-1"]
[WhiteElo "1622"]
[BlackElo "1964"]
[PlyCount "92"]
[EventDate "2024.09.09"]
[EventType "swiss"]
[EventRounds "9"]
[EventCountry "ESP"]
[SourceTitle "EXT 2025"]
[Source "ChessBase"]
[SourceDate "2024.10.14"]
[SourceVersion "1"]
[SourceVersionDate "2024.10.14"]
[SourceQuality "1"]

1. e4 c5 2. Nf3 Nc6 3. Bb5 g6 4. 0-0 Bg7 5. c3 Nf6 6. Re1 0-0 7. d4 cxd4 8. cxd4 d5 9. e5 Ne4 10. Nbd2 Nxd2 11. Bxd2 Bg4 12. Bc3 Qb6 13. Bxc6 bxc6 14. h3 Bxf3 15. Qxf3 e6 16. a3 Qb3 17. Bb4 Qxf3 18. gxf3 Rfb8 19. Re2 a5 20. Bd6 Rb3 21. Kg2 Bh6 22. Rd1 Rc8 23. Rc2 Bf4 24. Ra1 f6 25. Re1 Kf7 26. Ree2 Rd3 27. Bc5 Rb8 28. b4 a4 29. Ra2 g5 30. Re1 h5 31. Bd6 Rc8 32. Bc5 Rc3 33. exf6 Kxf6 34. Rae2 Re8 35. Ra2 Kf5 36. Ree2 g4 37. fxg4+ hxg4 38. hxg4+ Kxg4 39. Rec2 Rd3 40. Re2 Rh8 41. f3+ Kf5 42. Rf2 Rd1 43. Rf1 Rh2+ 44. Kg1 Rxf1+ 45. Kxf1 Rxa2 46. Ke1 Be3 0-1

[Event "Santa Cruz de Tenerife Verano op 10th"]
[Site "Santa Cruz de Tenerife"]
[Date "2024.09.16"]
[Round "4"]
[White "Kraus, Oliver"]
[Black "Velasquez Vargas, Sebastian"]
[Result "1-0"]
[WhiteElo "1964"]
[BlackElo "1638"]
[PlyCount "65"]
[EventDate "2024.09.09"]
[EventType "swiss"]
[EventRounds "9"]
[EventCountry "ESP"]
[SourceTitle "EXT 2025"]
[Source "ChessBase"]
[SourceDate "2024.10.14"]
[SourceVersion "1"]
[SourceVersionDate "2024.10.14"]
[SourceQuality "1"]

1. c4 e5 2. Nc3 Nf6 3. Nf3 d6 4. d4 exd4 5. Nxd4 Bd7 6. g3 Nc6 7. Bg2 Nxd4 8. Qxd4 c6 9. 0-0 Be7 10. e4 0-0 11. h3 c5 12. Qd3 Rb8 13. Bf4 Be6 14. Rfd1 Qb6 15. b3 Rbd8 16. Rac1 Nh5 17. Be3 Rd7 18. Qe2 Nf6 19. f4 Rc7 20. g4 h6 21. f5 Bc8 22. h4 Kh7 23. g5 Ng8 24. Nd5 Qa5 25. Bd2 Qxa2 26. Nxc7 hxg5 27. Qh5+ Nh6 28. hxg5 Bxg5 29. Bxg5 Rg8 30. Rxd6 f6 31. Qg6+ Kh8 32. Bxh6 gxh6 33. Qxh6# 1-0

[Event "Santa Cruz de Tenerife Verano op 10th"]
[Site "Santa Cruz de Tenerife"]
[Date "2024.09.13"]
[Round "3"]
[White "Fernandez Garcia, Jose Luis"]
[Black "Kraus, Oliver"]
[Result "1-0"]
[WhiteElo "2377"]
[BlackElo "1964"]
[PlyCount "43"]
[EventDate "2024.09.09"]
[EventType "swiss"]
[EventRounds "9"]
[EventCountry "ESP"]
[SourceTitle "EXT 2025"]
[Source "ChessBase"]
[SourceDate "2024.10.14"]
[SourceVersion "1"]
[SourceVersionDate "2024.10.14"]
[SourceQuality "1"]

1. e4 c5 2. Nf3 e6 3. d4 cxd4 4. Nxd4 Nc6 5. Nc3 Qc7 6. Be2 a6 7. 0-0 Nf6 8. a3 Nxd4 9. Qxd4 Bd6 10. Kh1 Be5 11. Qb4 Bxc3 12. bxc3 b5 13. a4 a5 14. Qd4 e5 15. Qe3 b4 16. cxb4 axb4 17. Bd2 Rb8 18. Bb5 0-0 19. Bxb4 Re8 20. c4 Bb7 21. f3 Bc6 22. Rfd1 1-0

[Event "Santa Cruz Christmas op 32nd"]
[Site "Santa Cruz"]
[Date "2022.12.20"]
[Round "4"]
[White "Mamani Beltran, Deniman"]
[Black "Kraus, Oliver"]
[Result "1-0"]
[WhiteElo "2124"]
[BlackElo "1854"]
[PlyCount "73"]
[EventDate "2022.12.15"]
[EventType "swiss"]
[EventRounds "9"]
[EventCountry "ESP"]
[SourceTitle "EXT 2024"]
[Source "ChessBase"]
[SourceDate "2023.10.10"]
[SourceVersion "1"]
[SourceVersionDate "2023.10.10"]
[SourceQuality "1"]

1. e4 Nf6 2. e5 Nd5 3. d4 d6 4. c4 Nb6 5. Nf3 Bg4 6. exd6 exd6 7. Be2 Be7 8. 0-0 0-0 9. Nc3 Nc6 10. b3 Bf6 11. Be3 d5 12. c5 Nc8 13. b4 N8e7 14. b5 Na5 15. h3 Bxf3 16. Bxf3 Nc4 17. Qd3 c6 18. Rab1 Ng6 19. Bd1 Re8 20. Bb3 Nxe3 21. fxe3 Qd7 22. Kh1 Re7 23. e4 Rae8 24. e5 Bg5 25. bxc6 bxc6 26. Rf3 f6 27. Ne4 Kh8 28. Nxg5 fxg5 29. Qf5 Qxf5 30. Rxf5 Rf8 31. Rxf8+ Nxf8 32. Ba4 Rc7 33. Rb8 Kg8 34. e6 g6 35. Bxc6 Kg7 36. Bxd5 Re7 37. c6 1-0

[Event "Santa Cruz Christmas op 32nd"]
[Site "Santa Cruz"]
[Date "2022.12.15"]
[Round "1"]
[White "Kraus, Oliver"]
[Black "De Leon Gonzalez, Yraya"]
[Result "1-0"]
[WhiteElo "1854"]
[BlackElo "1093"]
[PlyCount "81"]
[EventDate "2022.12.15"]
[EventType "swiss"]
[EventRounds "9"]
[EventCountry "ESP"]
[SourceTitle "EXT 2024"]
[Source "ChessBase"]
[SourceDate "2023.10.10"]
[SourceVersion "1"]
[SourceVersionDate "2023.10.10"]
[SourceQuality "1"]

1. c4 e5 2. Nc3 Bb4 3. Nd5 Nf6 4. Nxb4 a5 5. Nc2 0-0 6. d3 Nc6 7. Nf3 d6 8. Bg5 h6 9. Bh4 Be6 10. e3 Re8 11. Be2 d5 12. cxd5 Bxd5 13. 0-0 a4 14. Qd2 e4 15. dxe4 Nxe4 16. Bxd8 Nxd2 17. Nxd2 Raxd8 18. Rfd1 Rd7 19. Nf3 Red8 20. Ncd4 Nxd4 21. Nxd4 c5 22. Nb5 Be6 23. Nc3 g6 24. Rxd7 Rxd7 25. Rd1 Rc7 26. Bb5 a3 27. bxa3 b6 28. a4 Ra7 29. Rd6 Rb7 30. Nd5 Bxd5 31. Rxd5 Kf8 32. Rd7 Rxd7 33. Bxd7 Ke7 34. Bb5 Kd8 35. Kf1 Kc7 36. Ke2 Kd6 37. Kd3 Kd5 38. Bc4+ Kc6 39. Bxf7 b5 40. Be8+ Kd5 41. axb5 1-0

[Event "Tenerife-ch"]
[Site "Santa Cruz"]
[Date "2022.05.04"]
[Round "7"]
[White "Remon Garcia, Jose Domingo"]
[Black "Kraus, Oliver"]
[Result "0-1"]
[WhiteElo "1833"]
[BlackElo "1791"]
[PlyCount "80"]
[EventDate "2022.04.20"]
[EventType "swiss"]
[EventRounds "9"]
[EventCountry "ESP"]
[SourceTitle "EXT 2023"]
[Source "ChessBase"]
[SourceDate "2022.10.05"]
[SourceVersion "1"]
[SourceVersionDate "2022.10.05"]
[SourceQuality "1"]

1. d4 Nf6 2. Bf4 g6 3. Nc3 d5 4. e3 Bg7 5. h4 h5 6. Nf3 0-0 7. Bd3 c5 8. dxc5 Nc6 9. Ne5 Nd7 10. Nxg6 fxg6 11. Nxd5 Nde5 12. Nc3 Nxd3+ 13. cxd3 Be6 14. 0-0 Nb4 15. Nb5 Rc8 16. Nxa7 Rxc5 17. a4 Nxd3 18. Bg5 Rd5 19. Qc2 Qb8 20. Nb5 Rc8 21. Qe2 Qe5 22. Nc3 Rd7 23. Rfd1 Rcd8 24. Nb5 Bb3 25. Rdb1 Nc5 26. Bf4 Qf5 27. Nc3 Rd2 28. Qb5 Rc8 29. Bg3 Be5 30. Bxe5 Qxe5 31. Ra3 Bc2 32. Rc1 Qf6 33. Qc4+ Kg7 34. Qf4 Qe6 35. Nb5 Ne4 36. Nd4 Qd5 37. Rxc2 Rcxc2 38. Nxc2 Rxc2 39. Rd3 Qxd3 40. Qe5+ Kf7 0-1

[Event "Tenerife-ch"]
[Site "Santa Cruz"]
[Date "2021.06.02"]
[Round "6"]
[White "Kraus, Oliver"]
[Black "Garcia Lorenzo, Jaime"]
[Result "1-0"]
[WhiteElo "1833"]
[BlackElo "1211"]
[PlyCount "49"]
[EventDate "2021.05.21"]
[EventType "swiss"]
[EventRounds "7"]
[EventCountry "ESP"]
[SourceTitle "CBM 203 Extra"]
[Source "ChessBase"]
[SourceDate "2021.09.30"]
[SourceVersion "1"]
[SourceVersionDate "2021.09.30"]
[SourceQuality "1"]

1. e4 c6 2. Nc3 d5 3. Nf3 dxe4 4. Nxe4 Nf6 5. Qe2 Nxe4 6. Qxe4 e6 7. d4 Nd7 8. Bd3 Nf6 9. Qh4 Qd5 10. c3 Qh5 11. Qg3 h6 12. 0-0 Qd5 13. Re1 g5 14. Ne5 Nh5 15. Qh3 Nf4 16. Bxf4 gxf4 17. Qh5 Ke7 18. Qxf7+ Kd6 19. Nc4+ Qxc4 20. Bxc4 Be7 21. Rxe6+ Bxe6 22. Qxe6+ Kc7 23. Qxe7+ Kb6 24. Re1 a5 25. Qc5+ 1-0

[Event "Tenerife-chT Preferente"]
[Site "Tenerife"]
[Date "2021.03.06"]
[Round "2.4"]
[White "Kraus, Oliver"]
[Black "Remon Garcia, Jose Domingo"]
[Result "1-0"]
[WhiteElo "1878"]
[BlackElo "1891"]
[PlyCount "115"]
[EventDate "2021.02.27"]
[EventType "team-tourn"]
[EventRounds "14"]
[EventCountry "ESP"]
[SourceTitle "EXT 2023"]
[Source "ChessBase"]
[SourceDate "2022.10.05"]
[SourceVersion "1"]
[SourceVersionDate "2022.10.05"]
[SourceQuality "1"]
[WhiteTeam "Rey Ahogado"]
[BlackTeam "Al Shah Mat Los Realejos"]
[WhiteTeamCountry "ESP"]
[BlackTeamCountry "ESP"]

1. e4 e6 2. d4 d5 3. Nc3 dxe4 4. Nxe4 Nd7 5. Nf3 Ngf6 6. Nxf6+ Nxf6 7. Ne5 c5 8. Bb5+ Bd7 9. Bxd7+ Nxd7 10. 0-0 Nxe5 11. dxe5 Be7 12. Qg4 g6 13. Rd1 Qc7 14. Bh6 a6 15. Qe4 Rd8 16. c4 Rd7 17. Kf1 Kd8 18. Qf3 Ke8 19. Rxd7 Qxd7 20. Rd1 Qc7 21. Qe4 Qc6 22. Qd3 Rg8 23. Be3 f6 24. exf6 Bxf6 25. Qd6 Be7 26. Qxc6+ bxc6 27. Rd3 Kf7 28. Ra3 Bf6 29. b3 Bd4 30. Rxa6 Rc8 31. Ke2 e5 32. Kd3 Rc7 33. g3 Ke6 34. Ke4 Bxe3 35. fxe3 Kd6 36. Ra8 Rf7 37. h4 h5 38. Rg8 Rf6 39. Rg7 Rf2 40. Rxg6+ Kc7 41. Kxe5 Rxa2 42. Rg5 Ra3 43. Rxh5 Rxb3 44. Ke4 Kb6 45. Rh8 Rc3 46. Rg8 Rxc4+ 47. Kd3 Rc1 48. h5 c4+ 49. Kd2 Rh1 50. g4 Kc5 51. Rb8 Rh4 52. Rg8 Kb4 53. Rb8+ Kc5 54. Kc3 Rxg4 55. Rf8 Kd5 56. Rf3 Rh4 57. Rf5+ Ke4 58. Rf4+ 1-0

[Event "Tenerife U2000 1st"]
[Site "Tenerife"]
[Date "2021.02.06"]
[Round "7"]
[White "Kraus, Oliver"]
[Black "Gonzalez Estevez, Eduardo"]
[Result "1-0"]
[WhiteElo "1878"]
[BlackElo "1183"]
[PlyCount "93"]
[EventDate "2021.01.23"]
[EventType "tourn"]
[EventRounds "9"]
[EventCountry "ESP"]
[SourceTitle "CBM 200 Extra"]
[Source "ChessBase"]
[SourceDate "2021.03.31"]
[SourceVersion "1"]
[SourceVersionDate "2021.03.31"]
[SourceQuality "1"]

1. Nf3 Nf6 2. c4 c6 3. Nc3 d5 4. e3 Bf5 5. Qb3 Qb6 6. Qxb6 axb6 7. cxd5 cxd5 8. Bb5+ Nbd7 9. Ne5 e6 10. g4 Bxg4 11. Bxd7+ Nxd7 12. Nxg4 f5 13. h3 fxg4 14. hxg4 Nc5 15. Ke2 g6 16. d4 Nd7 17. Bd2 Bb4 18. a3 Bxc3 19. Bxc3 Nf6 20. f3 Kf7 21. Rh2 h5 22. Rah1 Kg7 23. g5 Ne8 24. Bb4 Rc8 25. Kd3 Kf7 26. e4 Ng7 27. Re1 Rhe8 28. Rhe2 Rc7 29. Bd6 Rc6 30. Be5 dxe4+ 31. fxe4 Re7 32. Rf1+ Kg8 33. Rf6 Kh7 34. Ref2 Ne8 35. Rf7+ Rxf7 36. Rxf7+ Kg8 37. Rxb7 Nd6 38. Rg7+ Kf8 39. Rxg6 Nf7 40. Rf6 Ke7 41. g6 Nxe5+ 42. dxe5 Rc8 43. Rf7+ Ke8 44. Rh7 Rd8+ 45. Ke3 Rd7 46. Rxd7 Kxd7 47. g7 1-0

[Event "Tenerife U2000 1st"]
[Site "Tenerife"]
[Date "2021.01.30"]
[Round "4"]
[White "Mamani Beltran, Deniman"]
[Black "Kraus, Oliver"]
[Result "1-0"]
[WhiteElo "1889"]
[BlackElo "1878"]
[PlyCount "62"]
[EventDate "2021.01.23"]
[EventType "tourn"]
[EventRounds "9"]
[EventCountry "ESP"]
[SourceTitle "CBM 200 Extra"]
[Source "ChessBase"]
[SourceDate "2021.03.31"]
[SourceVersion "1"]
[SourceVersionDate "2021.03.31"]
[SourceQuality "1"]

1. e4 c5 2. Nf3 e6 3. d4 cxd4 4. Nxd4 Nc6 5. c4 Nf6 6. Nc3 Bb4 7. Nxc6 bxc6 8. Bd3 e5 9. 0-0 0-0 10. f4 d6 11. Kh1 Qc7 12. Be3 Ng4 13. Bg1 exf4 14. Rxf4 Ne5 15. Ne2 Be6 16. Rc1 Rfd8 17. b3 Qa5 18. Rc2 d5 19. exd5 cxd5 20. c5 Rac8 21. Nd4 Bxc5 22. Nxe6 fxe6 23. Bxh7+ Kxh7 24. Qh5+ Kg8 25. Qxe5 Re8 26. Rxc5 Rxc5 27. b4 Qc7 28. Qh5 Rd8 29. Rh4 Rc1 30. Qh7+ Kf8 31. Qh8+ Kf7 1-0

[Event "Tenerife Spring op"]
[Site "Tenerife"]
[Date "2020.03.11"]
[Round "3.10"]
[White "Cabrera Gomez, Tomas"]
[Black "Kraus, Oliver"]
[Result "0-1"]
[WhiteElo "1662"]
[BlackElo "1873"]
[PlyCount "128"]
[EventDate "2020.03.06"]
[EventType "swiss"]
[EventRounds "9"]
[EventCountry "ESP"]
[SourceTitle "EXT 2024"]
[Source "ChessBase"]
[SourceDate "2023.10.10"]
[SourceVersion "1"]
[SourceVersionDate "2023.10.10"]
[SourceQuality "1"]

1. e4 c5 2. d4 cxd4 3. c3 dxc3 4. Nxc3 Nc6 5. Nf3 e6 6. Bc4 Qc7 7. Qe2 Nf6 8. h3 d6 9. 0-0 a6 10. Rd1 Be7 11. Bf4 Ne5 12. Bb3 0-0 13. Rac1 Qb8 14. Nd4 Bd7 15. f3 b5 16. Kh1 Rc8 17. Bh2 Qb6 18. f4 Nc4 19. e5 Ne8 20. Bg1 Qb8 21. Bxc4 Rxc4 22. b3 Rc8 23. Bh2 b4 24. Ne4 Rxc1 25. Rxc1 Qb6 26. Bg1 Qa5 27. Nf3 Rc8 28. Rxc8 Bxc8 29. Qc2 Bb7 30. Neg5 g6 31. Bd4 Qd5 32. h4 dxe5 33. fxe5 Bxg5 34. hxg5 Bc6 35. Qf2 Ng7 36. Bc5 a5 37. Be7 Qd1+ 38. Kh2 Nf5 39. Bf6 Bxf3 40. gxf3 Qd4 41. Qxd4 Nxd4 42. Kg2 Kf8 43. Bd8 Nc6 44. Bc7 Ke8 45. f4 Kd7 46. Bb6 Kc8 47. Kf3 Kb7 48. Be3 Ka6 49. Ke4 Kb5 50. Kd3 Ne7 51. Bf2 Nf5 52. Ke4 Ne7 53. Be3 Nd5 54. Bd2 a4 55. Kd4 Nb6 56. Bc1 Nd7 57. Bb2 axb3 58. axb3 Nc5 59. Ke3 Nxb3 60. Kd3 Nc5+ 61. Kd4 Nd7 62. Bc1 Nb6 63. Kd3 Nd5 64. Kc2 Kc4 0-1

[Event "Tenerife-chT Preferente 1920"]
[Site "Tenerife"]
[Date "2020.01.04"]
[Round "4.3"]
[White "Kraus, Oliver"]
[Black "Rodriguez Redondo, Adhara"]
[Result "0-1"]
[WhiteElo "1938"]
[BlackElo "2199"]
[PlyCount "82"]
[EventDate "2019.11.30"]
[EventType "team-tourn"]
[EventRounds "14"]
[EventCountry "ESP"]
[SourceTitle "CBM 195 Extra"]
[Source "ChessBase"]
[SourceDate "2020.05.31"]
[SourceVersion "1"]
[SourceVersionDate "2020.05.31"]
[SourceQuality "1"]
[WhiteTeam "Rey Ahogado"]
[BlackTeam "Fundacion La Caja de Canarias"]
[WhiteTeamCountry "ESP"]
[BlackTeamCountry "ESP"]

1. e4 e5 2. Nf3 Nc6 3. Bb5 a6 4. Ba4 Nf6 5. 0-0 b5 6. Bb3 Be7 7. d4 d6 8. c3 Bg4 9. Be3 0-0 10. h3 Bh5 11. Nbd2 Qc8 12. a4 Re8 13. Qc2 Qb7 14. g4 Bg6 15. Nh4 exd4 16. Nxg6 dxe3 17. Nxe7+ Rxe7 18. fxe3 Ne5 19. Nf3 Rae8 20. axb5 axb5 21. Nd4 Qxe4 22. Qxe4 Nxe4 23. Nf5 Rd7 24. Bd5 Ng5 25. Kg2 c6 26. Bb3 g6 27. Ng3 Nd3 28. h4 Ne4 29. Rfd1 Ndc5 30. Bc2 Nxg3 31. Kxg3 Rxe3+ 32. Kf2 Re8 33. b4 Ne4+ 34. Bxe4 Rxe4 35. Kf3 d5 36. Ra8+ Kg7 37. Rd4 f5 38. Rc8 fxg4+ 39. Kg3 Re3+ 40. Kxg4 Rxc3 41. Kf4 Re7 0-1